| 000 | 00904cam a22002891 4500 | ||
|---|---|---|---|
| 001 | 77464 | ||
| 003 | BD-RjUL | ||
| 005 | 20211209082956.0 | ||
| 008 | 200922s1963 ii 000 0 eng | ||
| 035 | _a(BD-RjUL)77689 | ||
| 035 | _a(OCoLC)2742935 | ||
| 040 |
_aDLC _cOAU _dDLC _beng |
||
| 041 | _aeng | ||
| 082 |
_219 _a822.09 _bSIT 1963 |
||
| 100 | 1 |
_aSingh, Sarup. _9241519 |
|
| 245 | 1 | 4 |
_aThe theory of drama in the Restoration period./ _cSarup sing |
| 260 |
_aBombay : _bOrient Longmans , _c[1963] |
||
| 300 |
_axii, 299 p. ; _c22 cm. |
||
| 500 | _aIncludes index. | ||
| 504 | _aBibliographical footnotes. | ||
| 650 | 0 |
_aEnglish drama _xRestoration, 1660-1700 _xHistory and criticism. _9241520 |
|
| 650 | 0 |
_aCriticism _zGreat Britain _xHistory _y17th century. _9241521 |
|
| 906 |
_a7 _bcbc _coclcrpl _du _encip _f19 _gy-gencatlg |
||
| 942 |
_2ddc _cBK |
||
| 999 |
_c77464 _d77464 |
||